Geography Ending in X, Starting with A-Z - Statistics

General Stats
  • This quiz has been taken 14 times
    5 since last reset
  • The average score is 6 of 26
Answer Stats
Clue Answer ending in X % Correct
B Indefinite borough of New York Bronx
100%
E English county Essex
100%
H City in Nova Scotia, and a large Yorkshire banking town Halifax
100%
F Kentucky army base next to a famous high-security gold depository Fort Knox
80%
P The state capital of Arizona Phoenix
80%
A Toronto suburb, and Amsterdam football team Ajax
40%
S The South send a fax to Tunisia Sfax
40%
M Hilltop park in San Diego with the shape of DNA Mount Helix
20%
C Combine 50 erbium with 5 gold to form this canton of Luxembourg Clervaux
0%
D Domains of Spain, Russia, Iceland, Sweden and Australia found in rural St. Lucia Desruisseaux
0%
Y In Aquitaine village, there are cabbages
Ychoux
0%
W I'm here for you in seaside town beside Boulogne Wimereux
0%
X Guatemalan village which was the site of a massacre by Army A back in 1982 Xecax
0%
G Belgian town where emerald is blue, it seems Gembloux
0%
I Paris suburb is an empty apology for the mill waters Issy-les-Moulineaux
0%
J The interior we hear is a city of Uzbekistan Jizzax
0%
K W. Yorkshire town where you can rest in peace Kippax
0%
L French district in Peru is a mix of rum and water Les Mureaux
0%
N Modern Scottish singer Annie, without anything, in Illinois New Lenox
0%
O Hey, princess is back in the Jura Mountains Oyonnax
0%
Q Azeri town worth 30 points with a short, reversible interior Qazax
0%
R Haiti's Caribbean capitals Roseaux
0%
T Underground train gets lost near Saint-Dié-des-Vosges Taintrux
0%
U Park near Sydney, used for sports - a high version of K Upper Kippax
0%
V Deer meat not on - is wrong in European suburb of Lyon Venissieux
0%
Z Farm in Látrány, Hungary, sounds like a cure for anxiety Zanax
0%
No matching quizzes found
Score Distribution
Percent of People with Each Score
Percentile by Number Answered
Your Score History
You have not taken this quiz since the last reset